Percy Jackson books Trivia - Statistics

General Stats
  • This quiz has been taken 119 times
  • The average score is 36 of 47
Answer Stats
Hint Answer % Correct
1 Main Character Percy Jackson
100%
2 Girl friend ^ Annabeth Chase
98%
3 Best friend of 1 Grover Underwood
97%
25 Goddess of Wisdom Athena
93%
6 Activities Director Chiron
93%
5 Camp Director/God Dionysus
93%
27 Goddess of Beauty Aphrodite
91%
29 God of Sun Apollo
91%
26 God of Messages Hermes
91%
24 God of War Ares
90%
4 Camp Bully Clarisse La Rue
90%
21 God of the Dead Hades
90%
23 God of the Sea Poseidon
90%
22 God of the Sky Zeus
90%
30 Goddess of the Hunt Artemis
89%
13 Titan Villain Kronos
89%
18 1's Mom Sally Jackson
89%
16 1's Pegasus Black Jack
88%
15 1's Half Brother Tyson
88%
9 Trouble making twin 2 Connor Stoll
87%
8 Trouble making twin 1 Travis Stoll
87%
32 Wife of 22(Goddess) Hera
86%
20 3's Girl friend Juniper
86%
34 God of the Wild Pan
86%
31 Goddess of the Harvest Demeter
85%
28 God of Metal Hephaestus
85%
38 Daughter of 22 Thalia Grace
84%
33 Wife of 21 Persephone
83%
40 Son of 21 Nico Di Angelo
82%
42 3's Species Satyr
81%
39 Daughter of 21 Bianca Di Angelo
79%
14 Brings 13 back to life Luke Castellan
79%
43 6's Species Centaur
78%
44 15's Species Cyclops
77%
46 30's Lead Huntress Zoe Nightshade
77%
11 Boy friend of 4 Chris Rodriguez
76%
47 ^ Father/ Titan Atlas
72%
19 1's Step dad Paul Blofis
70%
10 Girl friend of 7 Silena Beauregard
67%
7 God of Metal son Charlie Beckendorf
64%
37 God of Dreams Morpheus
53%
17 Annoying student Nancy Bobofit
48%
41 Son of Apollo Michael Yew
42%
36 4's other Brother Deimos
15%
35 4's Brother Phobos
13%
12 New Oracle Rachael Dare
13%
45 20's Species Sprite
1%
No matching quizzes found
Score Distribution
Percent of People with Each Score
Percentile by Number Answered
Your Score History
You have not taken this quiz